000 00718nam a22002417a 4500
003 UA-OsUOA
001 29626
007 ta
008 20041019b un ||||| |||| 00| 0 ukr d
100 _aПоважна В.
090 _a82.09(477)
_bП42
942 _cBK
040 _aUA-OsUOA
_bukr
_cUA-OsUOA
_dUA-OsUOA
245 _aПавло Грабовський
_bЛітературний портрет
_cВ. Поважна; Ред. І. Р. СеменчукРед. І. Р.Семенчук
300 _a108 с.
955 _a0
041 _aukr
080 _a82.09(477)
260 _aКиїв
_bДерж. вид. художньої літератури
_c1962
044 _aUA
650 7 _2UDC
999 _c316019
_d316019